Catalog

Record Details

Catalog Search



Jak to mají mámy : psychologický výzkum mateřství  Cover Image Book Book

Jak to mají mámy : psychologický výzkum mateřství / Zuzana Masopustová, Petra Daňsová, Lenka Lacinová & kolektiv

Masopustová, Zuzana (Author). Daňsová, Petra (Added Author). Lacinová, Lenka (Author).

Record details

  • ISBN: 978-80-210-9169-6
  • Physical Description: 123 stran ; 25 cm
  • Edition: 1. vydání
  • Publisher: Brno : Masarykova univerzita, 2018

Available copies

  • 1 of 1 copy available at Common Catalog SPOK.

Holds

  • 0 current holds with 1 total copy.
Show Only Available Copies
Location Call Number / Copy Notes Barcode Shelving Location Status Due Date
Jabok Library Psy-6.1.5/M
Pořízeno z projektu Škola jako místo, kde se vzdělává a žije:: CZ.07.4.68/0.0/0.0/16_037/0000325
424480041921 Odborná literatura Available -

LDR nam a22 i 4500
00131837
003CZ-PrJAB
00520190524085438.0
007ta
008 s2018 xr e 000 0 cze
020 . ‡a978-80-210-9169-6
040 . ‡aABG312 ‡bcze ‡erda
072 7. ‡a159.9 ‡xPsychologie ‡2Konspekt ‡917
1001 . ‡aMasopustová, Zuzana ‡4aut
24510. ‡aJak to mají mámy : ‡bpsychologický výzkum mateřství / ‡cZuzana Masopustová, Petra Daňsová, Lenka Lacinová & kolektiv
250 . ‡a1. vydání
264 1. ‡aBrno : ‡bMasarykova univerzita, ‡c2018
300 . ‡a123 stran ; ‡c25 cm
336 . ‡atext ‡btxt ‡2rdacontent
338 . ‡asvazek ‡bnc ‡2rdacarrier
6530 . ‡amateřství ‡arodičovství ‡apartnerské vztahy ‡apracovní život ‡apsychologické aspekty ‡avýzkumné projekty
7001 . ‡aDaňsová, Petra ‡4aur
7001 . ‡aLacinová, Lenka ‡4aut
910 . ‡aABG312
995 . ‡aska
901 . ‡a31837 ‡b ‡c31837 ‡tbiblio

Additional Resources